| 000 | 01007cab a2200181 4500 | ||
|---|---|---|---|
| 001 | ##L136209 | ||
| 008 | 070117n2006 000 0 eng u | ||
| 035 | _a(Sirsi) u136209 | ||
| 041 | 0 | _aeng | |
| 245 | 0 | 0 | _aM and E fees survey |
| 260 | _c2006 | ||
| 490 | 0 |
_aBuilding Services Journal _v28(11) November 2006, 91(1) |
|
| 520 | _aMechanical and electrical services engineers fees have increased by almost 20% since 2000, according to the Fees Bureau survey "M&E services engineers fees". The average charge-out rate for chartered engineers has risen from £40 to £47 per hour. Charge-out rates varied considerably according to size of firm and location, with engineers working in large firms and London charging higher fees. The survey also revealed the housing and office sectors as having the highest average fees. | ||
| 650 | 2 | 4 | _aFEES BUREAU M AND E SERVICES ENGINEERS FEES |
| 651 | 4 |
_aUnited Kingdom _y |
|
| 690 | _aBUILT ENVIRONMENT-BUILDING SERVICES-BUILDING SERVICES ENGINEERING | ||
| 942 | _n0 | ||
| 999 |
_c78198 _d78198 |
||